Obálka Náhled e-knihy:
PDF Epub
Pro půjčování e-knih musíte být přihlášeni.
Jak si půjčit online?

Kovářka osudu. 2, Vládkyně oceli /

Akční fantasy s originálním námětem. Ziva má dar vyrábět magické zbraně, které ale mohou být zneužity k rozpoutání zničující války a ovládnutí světa...

Uloženo v:
Série:Kovářka osudu, část 2
Hlavní autor: Levenseller, Tricia, 1991- (Autor)
Další autoři: Kadlecová, Eva, 1984- (Autor)
Médium: E-kniha
Jazyk:Czech
Vydáno: V Brně : CPress, 2024
Vydání:1. vydání
Témata:
Příbuzné jednotky:Z cyklu:: Kovářka osudu
Tagy:
Žádné tagy
LEADER 02944nam a2200553 i 4500
001 312373
003 CZ PrSKC
005 20260601215721.0
007 ta
008 240419s2024 xr d 000 f cze
015 |a cnb003602310 
020 |a 9788026452072  |q (vázáno) :  |c Kč 499,00 
035 |a (OCoLC)1438774259 
040 |a OLA001  |b cze  |e rda 
041 1 |a cze  |h eng 
072 7 |a 821.111(73)-3  |x Americká próza  |2 Konspekt 
072 7 |a 821-93  |x Literatura pro děti a mládež (beletrie)  |2 Konspekt 
080 |a 821.111(73)-31  |2 MRF 
080 |a 821-93-053.67  |2 MRF 
080 |a 821-93  |2 MRF 
080 |a (0:82-312.9)  |2 MRF 
100 1 |a Levenseller, Tricia,  |d 1991-  |7 xx0305502  |4 aut 
240 1 0 |a Master of iron.  |l Česky 
245 1 0 |a Kovářka osudu.  |n 2,  |p Vládkyně oceli /  |c Tricia Levenseller ; přeložila Eva Kadlecová 
246 3 0 |a Vládkyně oceli 
250 |a 1. vydání 
264 1 |a V Brně :  |b CPress,  |c 2024 
300 |a 346 stran ;  |c 22 cm 
336 |a text  |b txt  |2 rdacontent 
337 |a bez média  |b n  |2 rdamedia 
338 |a svazek  |b nc  |2 rdacarrier 
500 |a Přeloženo z angličtiny 
520 2 |a Akční fantasy s originálním námětem. Ziva má dar vyrábět magické zbraně, které ale mohou být zneužity k rozpoutání zničující války a ovládnutí světa...  |b Ziva porazila válečnici Kymoru, ale cena za výhru je příliš vysoká. Spolu s Kellynem a Petrikem se pustí do závodu s časem, aby zachránila vážně zraněnou Temru. Události se nevyvíjejí dle očekávání a Ziva i Kellyn padnou do zajetí. Ziva tak čelí situaci, ze které měla strach - bude muset vyrábět magické zbraně, které poslouží k ovládnutí světa. Kovárna byla Ziviným bezpečným prostorem, kde ji nemohla dostihnout ani její úzkost. Nyní je to vězení. Kolik toho obětuje, aby zachránila Kellyna a zastavila válku? Nakladatelská anotace. 
655 7 |a americké romány  |7 fd131796  |2 czenas 
655 7 |a fantasy romány  |7 fd184199  |2 czenas 
655 7 |a literatura young adult  |7 fd1185572  |2 czenas 
655 7 |a publikace pro mládež  |7 fd133157  |2 czenas 
655 9 |a American fiction  |2 eczenas 
655 9 |a fantasy novels  |2 eczenas 
655 9 |a young adult literature  |2 eczenas 
655 9 |a juvenile literature  |2 eczenas 
700 1 |a Kadlecová, Eva,  |d 1984-  |7 xx0103153  |4 trl 
787 0 8 |i Z cyklu:  |t Kovářka osudu  |g 2 
900 |a ABA001  |b 21 
928 9 |a Albatros Media - CPress 
044 |a xr 
910 |a RBIT002 
998 |d 404152  |a https://core.palmknihy.cz/api/books/404152/cover?scs64k  |b https://core.palmknihy.cz/api/books/404152/cover/400?scs64k  |c https://core.palmknihy.cz/api/books/404152/cover/50?scs64k  |e 2027-10-07  |g 352  |i 9788026452072  |j https://core.palmknihy.cz/api/books/404152/preview.epub  |k https://core.palmknihy.cz/api/books/404152/preview.pdf  |l   |q 49  |r 1  |s https://www.palmknihy.cz/kniha/404152  |t ebook  |y 2024  |z 0  |v Kovářka osudu  |w 2 
999 |d 312371